Dayang Fatimah anak pembalak

Bibliographic Details
Main Author: Nur Zalida
Format: Book
Published: Subang Jaya : Pustaka Penamas , 2003
Series:Siri anak-anak pekerja
Subjects:

MARC

LEADER 00000cam a2200000 7i4500
001 0000069920
005 20040126.0
020 |a 9677402714 
090 0 0 |a JF   |b NUR 
100 0 |a Nur Zalida 
245 1 0 |a Dayang Fatimah anak pembalak   |c Nur Zalida 
260 |a Subang Jaya :   |b Pustaka Penamas ,   |c 2003 
300 |a 30p. :   |b ill. ;   |c 26cm. 
490 0 |a Siri anak-anak pekerja 
650 0 0 |a Children's stories, Malay 
999 |a 00156241   |b BUKU   |c PINJAMAN   |e PERPUSTAKAAN KOMUNITI PETALING JAYA 
999 |a 00156242   |b BUKU   |c PINJAMAN   |e PERPUSTAKAAN KOMUNITI PETALING JAYA 
999 |a 00273062   |b BUKU   |c PINJAMAN   |e PERPUSTAKAAN KOMUNITI CAW TAMAN MEDAN